| 000 | 00689nam a2200241Ia 4500 | ||
|---|---|---|---|
| 003 | OSt | ||
| 005 | 20220928112543.0 | ||
| 006 | a|||||r|||| 00| 0 | ||
| 007 | ta | ||
| 008 | 220927b |||||||| |||| 00| 0 eng d | ||
| 024 | _a68319 | ||
| 037 | _cTextual | ||
| 040 |
_aSDCL _cSDCL _beng |
||
| 041 |
_2eng _aeng |
||
| 082 | _aG9Xk, P5 RR | ||
| 100 |
_aPandey Ashok Ed. _9428717 |
||
| 245 | 0 | _aConcise encyclopedia of bioresource technology | |
| 260 |
_aNew Delhi _bViva Books |
||
| 300 |
_aliii,735p. _ccm. |
||
| 490 | _aFood products Press: Crop science.Ed by Amarjit S Basra. | ||
| 942 |
_hG9Xk, P5 RR _cTEXL _2CC |
||
| 999 |
_c745250 _d745250 |
||